Leader xxxxxxxxxx
001 __ PCLIS00053860
005 __ 20210624133551.0
010 0_ |a978-986-98108-0-7|b一套:平裝|dNT$640
100 __ |a20200415d2019 y0chiy09 e
101 0_ |achi
102 __ |atw
105 __ |aa z 000ay
200 1_ |a三國演義|f羅貫中原著|g吳淡如改寫
205 __ |a初版
210 __ |a臺南市|c聚光文創|d2019[民108]
215 0_ |a2冊|c圖|d21公分
225 1_ |a中國古典文學|v4
312 __ |a英文題名: Romance of the Three kingdoms
300 __ |a羅貫中本名羅本
300 __ |a作者號取自吳淡如
517 1_ |aRomance of the Three kingdoms|zeng
605 __ |2csh|a三國演義
681 __ |a857.4523|b8546
700 _1 |s明|a羅|b貫中|4原著
702 _1 |a吳|b淡如|4改寫
801 _0 |atw|b內湖高中|c20200415|gCCR
|